00508 2200193 4500001002100000005001500021035002000036007000300056008004100059082001000100084001600110245004500126250001100171260003700182300004600219650001000265110002300275990001600298INLIS00000000000036820221026113813 a0010-1022000110ta221026 a 1 ind  a398.2 a398.2 TIM s1 aSi Itik Buruk Rupa /cTim KDS Publishing aCet. I aJakarta :bKDS Publishing,c2014 a14 halaman :bilustrasi berwarna ;c16 cm 4aFiksi0 aTim KDS Publishing a00000000466